World directory of fish and seafood importers.
| Corporate Author: | |
|---|---|
| Format: | Book |
| Published: |
Kuala Lumpur:
INFOFISH,
2010.
|
| Subjects: |
| LEADER | 00478cam a2200145 7i4500 | ||
|---|---|---|---|
| 001 | 0000025970 | ||
| 005 | 20110224090000.0 | ||
| 090 | 0 | 0 | |a I 338.3727025 |b INF |
| 110 | 2 | 0 | |a INFOFISH |
| 245 | 2 | 0 | |a World directory of fish and seafood importers. |
| 260 | 0 | 0 | |a Kuala Lumpur: |b INFOFISH, |c 2010. |
| 300 | # | # | |a 264 p. |
| 650 | 0 | 0 | |a Fish and fisheries -- |x Import -- |x Directories |
| 650 | 0 | 0 | |a Seafood -- |x Import -- |x Directories |
| 999 | |a 0000028377 |b Directories |c International |e Business Information Centre | ||